| 000 | 01016nam0a22002531 4500 | ||
|---|---|---|---|
| 001 | rc\3293002 | ||
| 005 | 20130115145426.9 | ||
| 021 |
_aRU _b[71-16387а] |
||
| 035 | _a(NLR Aleph) 007404529 | ||
| 090 |
_a6749026 _c6749026 |
||
| 100 | _a20130115d1971 |||y0rusy50 ca | ||
| 101 | 0 | _arus | |
| 102 | _aRU | ||
| 105 | _ay z ||||| | ||
| 200 | 1 |
_aДоклад обобщающий опубликованные работы по повышению надежности и экономичности тепловых электростанций, представленные на соискание ученой степени кандидата технических наук _e(270) _fМоск. энерг. ин-т |
|
| 210 |
_aМосква _cБ. и. _d1971 |
||
| 215 |
_a61 с. _cграф. |
||
| 320 | _aСписок работ авт.: с. 56-60 (59 назв.) | ||
| 700 | 1 |
_aШицман _bС. Е. |
|
| 801 | 0 |
_aRU _bNLR _gpsbo |
|
| 801 | 1 |
_aRU _bELAR _2rusmarc |
|
| 852 |
_aNLR _j72-4/2933 |
||
| 942 | _cBOOK | ||
| 980 | _aNB | ||